[Event "Obera op"]
[Site "Obera"]
[Date "2023.02.04"]
[Round "3"]
[White "Villar, Aaron"]
[Black "Pintos Merlo, Ignacio"]
[Result "0-1"]
[WhiteElo "1164"]
[BlackElo "1492"]
[PlyCount "64"]
[EventDate "2023.02.03"]
[EventType "swiss"]
[EventRounds "6"]
[EventCountry "ARG"]
[SourceTitle "CBM 212 Extra"]
[Source "ChessBase"]
[SourceDate "2023.03.31"]
[SourceVersion "1"]
[SourceVersionDate "2023.03.31"]
[SourceQuality "1"]

1. d4 Nf6 2. Nf3 g6 3. e3 Bg7 4. Bd3 0-0 5. 0-0 d6 6. Nc3 Nc6 7. e4 Nd7 8. Bc4 e5 9. d5 Ne7 10. Bg5 h6 11. Bh4 a6 12. a3 Qe8 13. Nd2 f5 14. Bxe7 Qxe7 15. exf5 gxf5 16. Qh5 Kh7 17. Rae1 Nf6 18. Qh4 Qf7 19. b4 Rg8 20. f3 Nh5 21. g4 Bf6 22. Qf2 Nf4 23. Qe3 Bh4 24. Rd1 fxg4 25. Bd3+ Nxd3 26. Qxd3+ Bf5 27. fxg4 Rxg4+ 28. Kh1 Rf8 29. h3 Rg3 30. Qd4 exd4 31. Ne2 Rxh3+ 32. Kg2 Rg8+ 0-1